[Event "Belgrade op"]
[Site "Belgrade"]
[Date "2009.11.29"]
[Round "6"]
[White "Pavlovic, Slavko"]
[Black "Gagic, Miroljub"]
[Result "0-1"]
[WhiteElo "2026"]
[BlackElo "1895"]
[PlyCount "130"]
[EventDate "2009.11.24"]
[EventType "swiss"]
[EventRounds "9"]
[EventCountry "YUG"]
[SourceTitle "CBM 133 Extra"]
[Source "ChessBase"]
[SourceDate "2010.01.05"]
[SourceVersion "1"]
[SourceVersionDate "2010.01.05"]
[SourceQuality "1"]

1. e4 c5 2. c3 d6 3. d4 cxd4 4. Qxd4 Nc6 5. Qd1 Nf6 6. Bd3 g6 7. Ne2 Bg7 8. 0-0 0-0 9. Be3 d5 10. exd5 Nxd5 11. Bc5 Re8 12. Qc2 Qc7 13. Nd2 b6 14. Ba3 Bb7 15. Nf3 Rac8 16. Rad1 Nf4 17. Nxf4 Qxf4 18. Qd2 Qf6 19. Qg5 Red8 20. Bb5 a6 21. Rxd8+ Rxd8 22. Bxc6 Qxc6 23. Qxe7 Re8 24. Qd6 Qxd6 25. Bxd6 Bxf3 26. gxf3 Re2 27. Rd1 Bf8 28. b3 Rxa2 29. Be5 Be7 30. Rd7 f6 31. Bd4 Bc5 32. Bxc5 bxc5 33. c4 f5 34. Kg2 Rb2 35. Rb7 Ra2 36. f4 Kh8 37. Kg3 Kg8 38. f3 Ra3 39. Kh4 h6 40. Kg3 Ra1 41. Rc7 Ra5 42. h4 h5 43. Kf2 Ra2+ 44. Ke3 Ra3 45. Rb7 a5 46. Kd2 a4 47. Kc2 Ra2+ 48. Kb1 axb3 49. Rxb3 Rh2 50. Rb8+ Kg7 51. Rb7+ Kh6 52. Rc7 Rxh4 53. Rxc5 Rxf4 54. Kc2 Rxf3 55. Rd5 h4 56. c5 Rf2+ 57. Kb3 Re2 58. Kb4 h3 59. Rd3 h2 60. Rh3+ Kg5 61. c6 Rc2 62. Kb5 Kg4 63. Rh7 Kg3 64. Rh6 g5 65. Kb6 Rxc6+ 0-1